000 nam a22 7a 4500
999 _c9560
_d9560
008 180205b ||||| |||| 00| 0 eng d
100 _aBurns,D.etal.
_95712
245 _aFun with Grammar-4
260 _aNew Delhi
_bCordova
_c2015